| 000 | 00000nam 2200000zi 4500 |
| 001 | 9.904180 |
| 003 | CaOODSP |
| 005 | 20221107180454 |
| 006 | m o d f |
| 007 | cr bn||||||||| |
| 008 | 211018s1996 onc ob f000 0 fre d |
| 040 | |aCaOODSP|bfre|erda|cCaOODSP |
| 043 | |an-cn--- |
| 086 | 1 |aIu44-189/1996F-PDF |
| 245 | 00|aGuide du règlement sur l'étiquetage et l'annonce des textiles. |
| 264 | 1|a[Ottawa] : |bIndustrie Canada = Industry Canada, |c1996. |
| 300 | |a1 ressource en ligne (33 pages) |
| 336 | |atexte|btxt|2rdacontent/fre |
| 337 | |ainformatique|bc|2rdamedia/fre |
| 338 | |aressource en ligne|bcr|2rdacarrier/fre |
| 500 | |aPublié aussi en anglais sous le titre : Guide to the textile labelling and advertising regulations. |
| 500 | |a« Direction des pratiques loyales des affaires, Bulletin d'information n° 1, janvier 1996. » |
| 500 | |aÉdition numérisée de l'imprimé [par Innovation, sciences et développement économique Canada]. |
| 504 | |aComprend des références bibliographiques. |
| 650 | 6|aTextiles et tissus|xÉtiquetage|xDroit|zCanada. |
| 710 | 1 |aCanada. |bIndustrie Canada, |eorganisme de publication. |
| 775 | 08|tGuide to the textile labelling and advertising regulations.|w(CaOODSP)9.887268 |
| 856 | 40|qPDF|s1.62 Mo|uhttps://publications.gc.ca/collections/collection_2021/isde-ised/iu44/Iu44-189-1996-fra.pdf |